| 000 | 00396nam a2200121Ia 4500 | ||
|---|---|---|---|
| 008 | 220620s9999||||xx |||||||||||||| ||und|| | ||
| 245 | 0 |
_aSupply Chain _bthe Way to Flat Organisation |
|
| 546 | _aEnglish[eng] | ||
| 650 | _aManagement & management techniques | ||
| 700 | _aHuo, Yanfang||Jia, Fu | ||
| 856 | _uhttps://mts.intechopen.com/storage/books/3695/authors_book/authors_book.pdf | ||
| 942 | _cEB | ||
| 999 |
_c32263 _d32263 |
||